000 00496nam a22001817a 4500
003 0
005 20240118072016.0
008 240118b xxu||||| |||| 00| 0 eng d
020 _a978-0-545-83796-5
050 _aER
082 _aER
_bBe365 2012
100 _aPinkwater, Daniel
245 _aBear in love
_cPinkwater, Daniel
260 _aNew York
_bScholastic, Inc.
_cc2012.
300 _aunpaged :
_bcolored illustrations ;
_c21 cm.
650 _aChildren's stories.
942 _2ddc
_cBK
999 _c365869
_d365869